00674cam a22002053a 45000010005000000030006000050050017000110080041000280400015000690420007000840500007000912450111000982600029002095060073002385160020003116530034003317000034003658300028003998560041004279532PGUSA20140828083213.0051201s2005||||xxu|||||s|||||000 | eng d aPGUSAbeng adc 4aPN14aThe Lock and Key Library :bClassic Mystery and Detective Stories: Old Time Englishh[electronic resource] bProject Gutenberg,c2005 aCopyrighted. Read the copyright notice inside this book for details. aElectronic text aDetective and mystery stories1 aHawthorne, Julian,d1846-1934 0aProject Gutenbergv953240uhttp://www.gutenberg.org/ebooks/9532